|
|
|
|
| LEADER |
00000cam a2200000 4500 |
| 001 |
vtls012061074 |
| 003 |
SK-MaSNL |
| 005 |
20260301055429.0 |
| 008 |
210707s2020 xo o gr 000 0 slo |
| 015 |
|
|
|a SNBA2021/07
|
| 020 |
|
|
|a 9788097377120
|q (viazané)
|
| 040 |
|
|
|a SNK
|b slo
|c SNK
|e rda
|
| 041 |
0 |
|
|a slo
|a eng
|
| 043 |
|
|
|a e-xo---
|
| 044 |
|
|
|a xo
|c SK
|
| 072 |
|
7 |
|a 904
|x Kultúrne pamiatky historického obdobia všeobecne
|2 konspekt
|
| 080 |
|
|
|a 904
|2 2011
|
| 080 |
|
|
|a 904:72
|2 2011
|
| 080 |
|
|
|a (437.641)
|2 2011
|
| 080 |
|
|
|a (0.027)=030
|2 2011
|
| 080 |
|
|
|a (084.12)
|2 2011
|
| 245 |
0 |
0 |
|a Svieži Liptovský Mikuláš =
|b Refershing Liptovský Mikuláš
|c zostavil: Adriana Brziaková
|
| 246 |
3 |
1 |
|a Refershing Liptovský Mikuláš
|
| 246 |
1 |
|
|i Správny názov:
|a Refreshing Liptovský Mikuláš
|
| 250 |
|
|
|a Vydanie prvé
|
| 264 |
|
1 |
|a [Žilina]
|b ELCAT s.r.o.
|c 2020
|
| 300 |
|
|
|a 138 strán
|b fotografie
|c 22 x 31 cm
|
| 336 |
|
|
|a text
|b txt
|2 rdacontent
|
| 336 |
|
|
|a statický obraz
|b sti
|2 rdacontent
|
| 337 |
|
|
|a bez média
|b n
|2 rdamedia
|
| 338 |
|
|
|a zväzok
|b nc
|2 rdacarrier
|
| 490 |
1 |
|
|a Moderná kniha
|
| 500 |
|
|
|a Miesto vydania podľa NA ISBN
|
| 546 |
|
|
|a Súbežný názov a text v angličtine
|
| 650 |
0 |
7 |
|a kultúrne pamiatky
|2 SNKPH
|9 2862
|
| 650 |
0 |
7 |
|a národné kultúrne pamiatky
|2 SNKPH
|9 31192
|
| 650 |
0 |
7 |
|a Cultural monuments
|2 SNKPHeng
|9 266481
|
| 650 |
0 |
7 |
|a National cultural monuments
|2 SNKPHeng
|9 337379
|
| 651 |
|
7 |
|a Liptovský Mikuláš (Slovensko)
|2 SNKPHgeo
|9 36847
|
| 651 |
|
7 |
|a Liptovský Mikuláš (Slovakia)
|2 SNKPHeng
|9 267442
|
| 655 |
|
7 |
|a dvojjazyčné vydania
|2 SNKPH
|9 79030
|
| 655 |
|
7 |
|a fotografické publikácie
|2 SNKPH
|9 70483
|
| 655 |
|
7 |
|a Bilingual editions
|2 SNKPHeng
|9 311380
|
| 655 |
|
7 |
|a Photographic publication
|2 SNKPHeng
|9 266858
|
| 700 |
1 |
|
|a Brziaková, Adriana
|4 com
|9 369035
|
| 700 |
1 |
|
|a Lipták, Gabriel
|4 pht
|9 359830
|
| 830 |
|
0 |
|a Moderná kniha
|9 369036
|
| 919 |
|
|
|a 978-80-973771-2-0
|
| 999 |
|
|
|c 613337
|d 615267
|
| 952 |
|
|
|a SNK
|b SNK
|y PREZ
|7 0
|p 17A1455533
|o snkSC 193283
|i snk2021/8257
|8 0
|0 0
|1 0
|4 0
|d 2021-07-07
|f 1
|l 0
|r 2025-10-10 00:00:00
|w 2026-02-23
|
| 952 |
|
|
|a SNK
|b SNK
|y VYP
|7 0
|p 17A1455534
|o snkSC 193283 D1
|i snk2021/8258
|8 0
|0 0
|1 0
|4 0
|d 2021-07-07
|l 0
|r 2026-02-23 16:29:59
|w 2026-02-23
|